Momentos estelares de España / (Record no. 35024)

MARC details
000 -LEADER
campo de control de longitud fija 00664nam a2200193 i 4500
001 - NÚMERO DE CONTROL
campo de control 35024
003 - IDENTIFICADOR DE NÚMERO DE CONTROL
campo de control ES-MaACL
005 - FECHA Y HORA DE LA ÚLTIMA TRANSACCIÓN
campo de control 20250822162339.0
007 - CAMPO FIJO DE DESCRIPCIÓN FÍSICA--INFORMACIÓN GENERAL
campo de control de longitud fija t|
008 - DATOS DE LONGITUD FIJA--INFORMACIÓN GENERAL
campo de control de longitud fija 030211s1962 sp ||||1| spa d
100 1# - ENTRADA PRINCIPAL--NOMBRE DE PERSONA
Nombre de persona Borrás, Tomás,
Fechas asociadas al nombre 1891-1976
9 (RLIN) 30556
245 10 - MENCIÓN DEL TÍTULO
Título Momentos estelares de España /
Mención de responsabilidad, etc. por Tomás Borrás y Domingo Manfredi ; portada e ilustraciones por Miguel Millán.
260 ## - PUBLICACIÓN, DISTRIBUCIÓN, ETC.
Lugar de publicación, distribución, etc. [Madrid] :
Nombre del editor, distribuidor, etc. Pub. Españolas Magerit,
Fecha de publicación, distribución, etc. [1962]
300 ## - DESCRIPCIÓN FÍSICA
Extensión 197 p. :
Otras características físicas il. ;
Dimensiones 20 cm.
700 1# - ENTRADA AGREGADA--NOMBRE PERSONAL
Nombre de persona Manfredi Cano, Domingo,
Fechas asociadas al nombre 1918-1998
9 (RLIN) 75997
700 1# - ENTRADA AGREGADA--NOMBRE PERSONAL
Nombre de persona Millán, Miguel.
9 (RLIN) 81136
852 ## - LOCALIZACIÓN
Ubicación ES-MaACL
Número de control de estantería C-24875
Sublocalización o colección R.53619
Holdings
Estatus retirado Estado de pérdida Estado de daño No para préstamo Biblioteca de origen Biblioteca actual Ubicación en estantería Fecha de adquisición Fuente de adquisición Total de préstamos Signatura topográfica completa Código de barras Visto por última vez Precio de reemplazo Tipo de ítem Koha
        Biblioteca del Ateneo de Madrid Biblioteca del Ateneo de Madrid Depósito 2 17/01/2008     C-24875 1036609 23/02/2023 23/02/2023 Libro impreso